000 00449nam a2200181Ia 4500
001 8667
005 20260306160626.0
008 260306t2001||||xx |||||||||||||| ||spa||
041 _aESP
082 _a371.27
_bC28
100 _aCarreño Huerta, Fernando
_eAUT
245 0 _aEnfoques y principios teóricos de la evaluación
260 _c2001
300 _a71 páginas :
_c23 cm.
650 _aGEN
654 _aCED
942 _cLIB
_dJUS
_fJUS
_2ddc
_n
999 _c8667
_d8667